La gravedad y la gracia

Gespeichert in:
Bibliographische Detailangaben
1. Verfasser: Weil, Simone (VerfasserIn)
Format: Buch
Sprache:Spanisch
Veröffentlicht: Buenos Aires Sudamericana 1953
Schriftenreihe:Biblioteca de Filosofía
Schlagworte:
Tags: Tag hinzufügen
Keine Tags, Fügen Sie den ersten Tag hinzu!

MARC

LEADER 00000nam a2200000 a 4500
001 UCY8301
003 CL-VaPUC
008 950703e19530000AG |||||||||||||||||spa|d
082 0 4 |a 128  |b WEI  |2 21 
100 0 |a Weil, Simone  |e author  |9 339583 
245 1 3 |a La gravedad y la gracia 
300 |a 249 p 
942 |c BK 
945 |d 19950703 00:00:00  |a rbrito 
260 |a Buenos Aires  |b Sudamericana  |c 1953 
650 0 |a Filosofía   |9 223554 
650 0 |a Naturaleza humana   |9 308593 
650 0 |a Filosofía del espíritu  |9 320175 
583 |a last modification  |c 19950703 00:00:00  |k Rodrigo Vera 
490 0 |a Biblioteca de Filosofía 
999 |c 235570  |d 235568 
952 |0 0  |1 0  |4 0  |6 128_000000000000000_WEI_1953  |7 0  |8 P  |9 243090  |a BIBARQ  |b BIBARQ  |d 2019-11-18  |i 2655381  |o 128 WEI 1953  |p 2655381  |r 2025-01-20  |w 2019-11-18  |y BK  |k ARQ